Statystyki dla Wszystkie przedmioty w Minecraft, którymi można zamortyzować upadek

Kliknij tutaj aby rozwiązać quiz!

Ogólne statystyki

  • Ten quiz został rozwiązany 1 141 razy
    (533 od ostatniego zresetowania)
  • Średni wynik to 10 z 31

Statystyki odpowiedzi

PrzedmiotWyjaśnienie% Poprawnych
Wiadro z wodąPrzed lądowaniem można wylać wodę pod siebie.
98%
ŁóżkoSpadnięcie na nie redukuje obrażenia od upadku.
79%
Snop sianaSpadnięcie na niego redukuje obrażenia od upadku.
78%
Blok szlamuSpadnięcie na niego spowoduje odbicie się w górę.
73%
Wiadro z lawąWylanie lawy pod sobą co prawda nie zamortyzuje upadku, ale lawa spowalnia prędkość spadania, przez co mając na sobie efekt odporności na ogień i wylewając lawę przy ścianie, można ten upadek trochę spowolnić.
73%
DrabinaW trakcie spadania można się jej złapać.
67%
ŁódkaWskakując do łódki w trakcie lub przed spadnięciem zamortyzuje upadek całkowicie.
60%
PajęczynaWylądowanie w niej amortyzuje upadek.
58%
Blok mioduW trakcie spadania można się po nim ześlizgnąć.
55%
PnączaW trakcie spadania można się ich złapać.
53%
Perła enduWylądowanie rzuconej perły na ziemię spowoduje utratę prędkości nabytej podczas spadania.
36%
Słodkie jagodyWylądowanie w nich amortyzuje upadek.
35%
ElytraW trakcie spadania można odlecieć elytrą.
34%
Buty z zaklęciem łagodnego upadkuNoszenie ich na sobie redukuje obrażenia od upadku.
33%
SiodłoJeśli w miejscu lądowania znajduje się świnia, można szybko założyć jej siodło i wsiąść na nią.
33%
Wiadro ze sypkim śniegiemZapadnięcie się w sypkim śniegu spowoduje zamortyzowanie upadku.
31%
Mikstura powolnego opadaniaPo jej wypiciu/rzuceniu otrzymujemy efekt powolnego opadania, który dodatkowo amortyzuje upadek.
27%
Strzała z efektem powolnego opadaniaStrzelając tą strzałą z łuku/kuszy w siebie można nadać sobie efekt powolnego opadania.
18%
RusztowaniePostawienie rusztowania w blok, w którym się znajduje gracz, amortyzuje upadek.
15%
Totem nieśmiertelnościTrzymany w ręce chroni przed śmiercią od upadku z wysokości.
15%
Wiadro z rybąJego wylanie oprócz pojawienia się ryby spowoduje także pojawienie się amortyzującej wody.
9%
Zaklęte złote jabłkoJego zjedzenie daje efekt odporności, który redukuje wszystkie obrażenia, również te od upadku.
7%
Zbroja z zaklęciem ochronyNoszenie jej redukuje obrażenia od upadku.
6%
KrętoroślWylądowanie w krętorośli amortyzuje upadek.
3%
Łódka ze skrzynkąWskakując do łódki w trakcie lub przed spadnięciem zamortyzuje upadek całkowicie.
3%
TratwaWskakując do tratwy w trakcie lub przed spadnięciem zamortyzuje upadek całkowicie.
3%
LamentoroślW trakcie spadania można się jej złapać.
2%
Mikstura żółwiego mistrzaJej wypicie/rzucenie daje efekt odporności, który redukuje wszystkie obrażenia, również te od upadku.
2%
Tratwa ze skrzynkąWskakując do tratwy w trakcie lub przed spadnięciem zamortyzuje upadek całkowicie.
2%
Strzała żółwiego mistrzaStrzelając tą strzałą z łuku/kuszy w siebie można nadać sobie efekt żółwiego mistrza, który obejmuje efekt odporności redukujący obrażenia, również te od upadku.
1%
Trójząb z zaklęciem torpedyUmiejętne rzucanie takim trójzębem może pomóc w zredukowaniu obrażeń zadanych od upadku.
1%

Rozkład punktacji

Percentyl według liczby udzielonych odpowiedzi

Procent ludzi z każdym wynikiem

Twoja historia wyników

Nie rozwiązałeś tego quizu od ostatniego zresetowania